00979nam a2200229 a 450000100100000000500170001000800410002702000150006804000250008310000340010824500880014226001070023030000210033749000460035850400320040450400730043650000210050971000440053083000530057495201050062799900170073200004200320201002035859.0131029s1998 sp 001 0 spa d a8400077466 aDO-SdBNPbspacBNPHU1 aSalicrú Lluch, Roser96793213aEl sultanat de Granada i la Corona d'Aragó, 1410-1458 /cRoser Salicrú i Lluch. aBarcelona :bConsell Superior d'Investigacions Científiques. Institució Milà i Fontanals,c1998. a560 p. ;c21 cm.1 aAnuario de estudios medievales. Anejov33 aBibliografía : p. 503-534 aIncluye referencias bibliográficas y notas al pie de las páginas aIncluye índice2 aInstitución Milá y Fontanals967933 0aAnuario de estudios medievales. Anejov33964050 001050718MOaGRbGRcCTd2013-10-29iLF1l0o p42003-10r2020-06-25w2020-06-25y1ZNo se presta c41492d41492